[Event "12.Città di Padova Open A"]
[Site "Padova"]
[Date "2009.12.15"]
[Round "4.3"]
[White "Fercec, Nenad"]
[Black "Dvirnyy, Danyyil"]
[Result "1-0"]
[WhiteElo "2483"]
[BlackElo "2461"]
[Annotator "Gabriele Ballarin"]
[PlyCount "81"]
[EventDate "2009.12.13"]
[EventType "swiss"]
[EventRounds "9"]
[EventCountry "ITA"]

1. e4 c5 2. Nf3 d6 3. d4 cxd4 4. Nxd4 Nf6 5. Nc3 g6 6. Be3 Bg7 7. f3 O-O 8. Qd2 Nc6 9. O-O-O d5 10. Qe1 e5 11. Nxc6 bxc6 12. exd5 Nxd5 13. Bc4 Be6 14. Ne4 Re8 15. h4 h6 16. g4 Qc7 17. Bc5 a5 18. a4 Red8 19. g5 h5 20. Qf2 Qb7 21. b3 Nf4 22. Bxe6 Nxe6 23. Rxd8+ Rxd8 24. Bd6 Nd4 25. Rd1 Qb8 26. Be7 Rd5 27. Nf6+ Bxf6 28. Bxf6 Qf8 29. Kb2 Qb8 30. Rd3 c5 31. Rc3 Qd6 32. Qf1 Kf8 33. Qc4 Nf5 34. Qb5 Qc7 35. Qa6 Ne7 36. Qa8+ Rd8 37. Bxe5 Rxa8 38. Bxc7 Nf5 39. Rc4 Ra6 40. Bh2 Ke7 41. Bg1 1-0

[Event "12.Città di Padova Open A"]
[Site "Padova"]
[Date "2009.12.15"]
[Round "4.4"]
[White "Zaja, Ivan"]
[Black "Quinn, Mark"]
[Result "1-0"]
[WhiteElo "2463"]
[BlackElo "2393"]
[Annotator "Gabriele Ballarin"]
[PlyCount "61"]
[EventDate "2009.12.13"]
[EventType "swiss"]
[EventRounds "9"]
[EventCountry "ITA"]

1. d4 Nf6 2. c4 e6 3. Nc3 Bb4 4. e3 c5 5. Bd3 d5 6. Nf3 O-O 7. O-O Nc6 8. cxd5 exd5 9. a3 Bxc3 10. bxc3 c4 11. Bc2 Bg4 12. Qe1 Re8 13. Nh4 Bh5 14. f3 Bg6 15. Nxg6 hxg6 16. Rf2 Re6 17. Re2 Na5 18. Rb1 Qe8 19. e4 Qc6 20. e5 Rae8 21. Be3 Nd7 22. f4 Nb3 23. f5 gxf5 24. Bxf5 Nf8 25. Qh4 b5 26. Rf2 a5 27. Rf3 Rh6 28. Bxh6 Qxh6 29. Qxh6 gxh6 30. Bc2 a4 31. Rg3+ 1-0

[Event "12.Città di Padova Open A"]
[Site "Padova"]
[Date "2009.12.15"]
[Round "4.6"]
[White "Bentivegna, Francesco"]
[Black "Borgo, Giulio"]
[Result "1-0"]
[WhiteElo "2303"]
[BlackElo "2439"]
[Annotator "Gabriele Ballarin"]
[PlyCount "48"]
[EventDate "2009.12.13"]
[EventType "swiss"]
[EventRounds "9"]
[EventCountry "ITA"]

1. e4 d6 2. Nc3 e5 3. f4 Nf6 4. Nf3 Nbd7 5. Bc4 exf4 6. d4 Nb6 7. Bb3 d5 8. O-O Be7 9. Nxd5 Nbxd5 10. exd5 Nxd5 11. Qe2 Be6 12. Ne5 O-O 13. c4 Ne3 14. Rxf4 Nf5 15. d5 Bc8 16. Bc2 g6 17. b4 Bg5 18. Rf2 Bxc1 19. Rxc1 Re8 20. Bxf5 Bxf5 21. Qb2 a5 22. bxa5 Qg5 23. Nf3 Qe3 24. Rc3 Qc5 1-0

[Event "12.Città di Padova Open A"]
[Site "Padova"]
[Date "2009.12.15"]
[Round "4.7"]
[White "Boscolo, Federico Meneguolo"]
[Black "Dragojlovic, Andjelko"]
[Result "1/2-1/2"]
[WhiteElo "1990"]
[BlackElo "2394"]
[Annotator "Gabriele Ballarin"]
[PlyCount "206"]
[EventDate "2009.12.13"]
[EventType "swiss"]
[EventRounds "9"]
[EventCountry "ITA"]

1. e4 c5 2. c3 d5 3. exd5 Qxd5 4. d4 g6 5. Nf3 Bg7 6. Na3 Nf6 7. Bc4 Qe4+ 8. Be3 O-O 9. Bd3 Qc6 10. O-O Bg4 11. Be2 cxd4 12. Nxd4 Qc8 13. h3 Bxe2 14. Qxe2 Nc6 15. Rad1 Nd5 16. Nac2 Nxe3 17. Qxe3 Ne5 18. b3 e6 19. c4 a6 20. Nf3 Nxf3+ 21. Qxf3 b5 22. Ne3 Qc5 23. Rd7 Rad8 24. Rfd1 Rxd7 25. Rxd7 h5 26. Qd1 Bh6 27. Qd4 Qxd4 28. Rxd4 Rc8 29. cxb5 axb5 30. Rd2 Rc1+ 31. Kh2 h4 32. Rd4 g5 33. Rd8+ Bf8 34. Rd2 Bc5 35. Ng4 Kg7 36. g3 Bb4 37. Re2 Bd6 38. Ne5 Rc3 39. Kg2 hxg3 40. fxg3 b4 41. Nf3 f6 42. Rxe6 Rc2+ 43. Kf1 Bxg3 44. Re2 Rc1+ 45. Kg2 Bf4 46. Re4 Rc2+ 47. Kf1 Rxa2 48. h4 Bg3 49. hxg5 Rf2+ 50. Kg1 Rxf3 51. gxf6+ Kxf6 52. Rxb4 Bd6 53. Rc4 Rxb3 54. Kg2 Kf5 55. Ra4 Bf4 56. Ra8 Kg4 57. Ra2 Rg3+ 58. Kf1 Rh3 59. Rg2+ Kf3 60. Rf2+ Ke3 61. Re2+ Kd3 62. Rg2 Be3 63. Rg4 Rh2 64. Ra4 Rf2+ 65. Ke1 Rg2 66. Ra3+ Ke4 67. Ra8 Kf3 68. Rf8+ Bf4 69. Kd1 Rd2+ 70. Ke1 Rc2 71. Rd8 Rc7 72. Rd3+ Be3 73. Rd8 Rc1+ 74. Rd1 Rc2 75. Rd8 Rc3 76. Rf8+ Bf4 77. Rd8 Rc2 78. Rd3+ Ke4 79. Rd8 Be3 80. Re8+ Kd3 81. Rd8+ Bd4 82. Kf1 Rf2+ 83. Ke1 Rf3 84. Rd7 Rf8 85. Rd5 Rg8 86. Rf5 Rg1+ 87. Rf1 Rg2 88. Rf3+ Be3 89. Rf8 Rh2 90. Kf1 Rh1+ 91. Kg2 Rg1+ 92. Kh2 Rg6 93. Kh3 Ke4 94. Ra8 Kf3 95. Ra4 Rh6+ 96. Rh4 Rf6 97. Ra4 Rd6 98. Rb4 Rd1 99. Rb2 Rg1 100. Ra2 Rg3+ 101. Kh4 Rg6 102. Ra5 Rc6 103. Rf5+ Bf4 1/2-1/2

[Event "12.Città di Padova Open A"]
[Site "Padova"]
[Date "2009.12.15"]
[Round "4.8"]
[White "Rettore, Ludwig"]
[Black "Grover, Sahaj"]
[Result "0-1"]
[WhiteElo "2197"]
[BlackElo "2372"]
[Annotator "Gabriele Ballarin"]
[PlyCount "52"]
[EventDate "2009.12.13"]
[EventType "swiss"]
[EventRounds "9"]
[EventCountry "ITA"]

1. d4 Nf6 2. Nf3 e6 3. c4 b6 4. Nc3 Bb4 5. g3 Bb7 6. Bg2 c5 7. O-O Bxc3 8. bxc3 d6 9. Re1 O-O 10. e4 Bxe4 11. Rxe4 Nxe4 12. Ng5 Nxg5 13. Bxa8 f5 14. Qe2 Re8 15. h4 Nf7 16. Bf4 Qc8 17. Bg2 Nc6 18. Qf3 Na5 19. Bf1 Qd7 20. d5 e5 21. Be3 e4 22. Qf4 Ne5 23. Bh3 Rf8 24. h5 h6 25. Kg2 Naxc4 26. Kh1 Qf7 0-1

[Event "12.Città di Padova Open A"]
[Site "Padova"]
[Date "2009.12.15"]
[Round "4.9"]
[White "Antoniacci, Riccardo"]
[Black "Efimov, Igor"]
[Result "0-1"]
[WhiteElo "1895"]
[BlackElo "2435"]
[Annotator "Gabriele Ballarin"]
[PlyCount "72"]
[EventDate "2009.12.13"]
[EventType "swiss"]
[EventRounds "9"]
[EventCountry "ITA"]

1. e4 c5 2. Nf3 Nc6 3. Bb5 Na5 4. O-O a6 5. Be2 d6 6. b3 Nf6 7. d3 Nc6 8. Nbd2 g6 9. Bb2 Bg7 10. c3 O-O 11. Qc2 d5 12. Rfe1 e5 13. Bf1 d4 14. c4 Nh5 15. g3 f5 16. Bg2 f4 17. Nf1 g5 18. h3 fxg3 19. fxg3 g4 20. hxg4 Bxg4 21. N3h2 Be6 22. Bf3 Qg5 23. Bc1 Qg6 24. Qg2 Kh8 25. a3 Rf7 26. Bxh5 Qxh5 27. g4 Qg6 28. Qh3 Raf8 29. Ng3 Rf3 30. Nxf3 Rxf3 31. Rf1 Bxg4 32. Qg2 Rxd3 33. Nf5 Bh3 34. Nh4 Qh5 35. Qf2 Qg4+ 36. Kh2 Bxf1 0-1

[Event "12.Città di Padova Open A"]
[Site "Padova"]
[Date "2009.12.15"]
[Round "4.10"]
[White "Kizov, Atanas"]
[Black "Isatto, Davide"]
[Result "1-0"]
[WhiteElo "2415"]
[BlackElo "1947"]
[Annotator "Gabriele Ballarin"]
[PlyCount "78"]
[EventDate "2009.12.13"]
[EventType "swiss"]
[EventRounds "9"]
[EventCountry "ITA"]

1. d4 Nf6 2. c4 g6 3. Nc3 Bg7 4. e4 d6 5. h3 O-O 6. Bg5 c5 7. d5 Ne8 8. Nf3 Nd7 9. Bd3 Ne5 10. Nxe5 Bxe5 11. O-O f5 12. exf5 Bxf5 13. Bh6 Ng7 14. Bxf5 Rxf5 15. Qd2 Qf8 16. Rae1 a6 17. a4 Re8 18. Ne2 Rf7 19. f4 Bf6 20. Nc3 Kh8 21. g4 Bd4+ 22. Kg2 Qg8 23. Ne4 Rb8 24. Qd3 Bf6 25. b3 Ne8 26. Re2 Bg7 27. Bxg7+ Rxg7 28. Ng5 Nc7 29. a5 h6 30. Ne4 Rf7 31. Ng3 Rbf8 32. f5 g5 33. Nh5 Qh7 34. Rfe1 Ne8 35. Re6 Ng7 36. Qc3 Kg8 37. Rg6 Kh8 38. Nxg7 Rxg7 39. Rxe7 Rfg8 1-0

[Event "12.Città di Padova Open A"]
[Site "Padova"]
[Date "2009.12.15"]
[Round "4.12"]
[White "Zanini, Andrea"]
[Black "Dervishi, Erald"]
[Result "0-1"]
[WhiteElo "1669"]
[BlackElo "2564"]
[Annotator "Gabriele Ballarin"]
[PlyCount "66"]
[EventDate "2009.12.13"]
[EventType "swiss"]
[EventRounds "9"]
[EventCountry "ITA"]

1. d4 Nf6 2. Nf3 e6 3. e3 b6 4. Bd3 Bb7 5. Nbd2 c5 6. c3 Be7 7. O-O cxd4 8. cxd4 O-O 9. e4 d6 10. Re1 Nc6 11. a3 Nd7 12. Nf1 Bf6 13. Be3 a6 14. Ng3 g6 15. Qd2 Re8 16. Rac1 b5 17. h3 Rc8 18. Bb1 Nb6 19. Bd3 Bh8 20. h4 h5 21. Ne2 Nb8 22. Bg5 Qd7 23. Be3 Nc4 24. Bxc4 bxc4 25. Nc3 Qc7 26. g3 Nd7 27. Qe2 Nf6 28. Bd2 Ng4 29. Red1 f5 30. e5 dxe5 31. dxe5 Qc6 32. Kg2 Nxe5 33. Kh2 Nxf3+ 0-1

[Event "12.Città di Padova Open A"]
[Site "Padova"]
[Date "2009.12.15"]
[Round "4.13"]
[White "Franco, Alessandro P"]
[Black "Casciello, Dimitri"]
[Result "0-1"]
[WhiteElo "1638"]
[BlackElo "2028"]
[Annotator "Gabriele Ballarin"]
[PlyCount "48"]
[EventDate "2009.12.13"]
[EventType "swiss"]
[EventRounds "9"]
[EventCountry "ITA"]

1. e4 c5 2. Nf3 d6 3. d4 cxd4 4. Nxd4 Nf6 5. Nc3 g6 6. Bc4 Bg7 7. Be3 O-O 8. f3 Nc6 9. Qd2 Bd7 10. g4 Ne5 11. Be2 a6 12. h4 b5 13. h5 b4 14. Nd5 Nxd5 15. exd5 Qa5 16. hxg6 fxg6 17. Bh6 Bxh6 18. Qxh6 Rf7 19. O-O-O Qxa2 20. f4 Qa1+ 21. Kd2 Qxb2 22. Ne6 Qc3+ 23. Kc1 Rc8 24. Rd2 Qa1# 0-1

[Event "12.Città di Padova Open A"]
[Site "Padova"]
[Date "2009.12.15"]
[Round "4.14"]
[White "Bondielli, Giorgio"]
[Black "Garonzi, Martino"]
[Result "0-1"]
[WhiteElo "1907"]
[BlackElo "2028"]
[Annotator "Gabriele Ballarin"]
[PlyCount "52"]
[EventDate "2009.12.13"]
[EventType "swiss"]
[EventRounds "9"]
[EventCountry "ITA"]

1. e4 c5 2. d4 cxd4 3. c3 d5 4. exd5 Qxd5 5. cxd4 Nc6 6. Be3 e5 7. Nc3 Bb4 8. a3 Bxc3+ 9. bxc3 exd4 10. Bxd4 Nxd4 11. Qxd4 Nf6 12. Qxd5 Nxd5 13. Bb5+ Bd7 14. Bxd7+ Kxd7 15. O-O-O Kc6 16. Kb2 Rhe8 17. Nf3 Re2+ 18. Rd2 Rxd2+ 19. Nxd2 Re8 20. Kc2 b5 21. Rf1 Nb6 22. Kd3 Kd5 23. Nf3 Na4 24. Rb1 a6 25. Nd2 Nc5+ 26. Kc2 Re2 0-1

[Event "12.Città di Padova Open A"]
[Site "Padova"]
[Date "2009.12.15"]
[Round "4.15"]
[White "Di Lazzaro, Gabriele"]
[Black "Belloni, Umberto"]
[Result "1/2-1/2"]
[WhiteElo "1930"]
[BlackElo "1858"]
[Annotator "Gabriele Ballarin"]
[PlyCount "90"]
[EventDate "2009.12.13"]
[EventType "swiss"]
[EventRounds "9"]
[EventCountry "ITA"]

1. e4 e6 2. d4 d5 3. Nd2 dxe4 4. Nxe4 Nf6 5. Nxf6+ Qxf6 6. Nf3 h6 7. Be3 Nd7 8. c3 Bd6 9. Bd3 e5 10. Qe2 Qe7 11. dxe5 Nxe5 12. Nxe5 Bxe5 13. O-O Bd7 14. Rfe1 Bd6 15. Qf3 Be6 16. Qxb7 O-O 17. Qe4 f5 18. Qf3 Qf7 19. Bf4 Rad8 20. Bc2 Kh8 21. b3 Rd7 22. Rad1 Rfd8 23. Bxd6 Rxd6 24. Rxd6 Rxd6 25. Qe3 Qf6 26. f3 Bd7 27. Re2 Re6 28. Qd2 Rxe2 29. Qxe2 Qxc3 30. Bd3 Qc5+ 31. Kf1 Kg8 32. Bc4+ Kf8 33. g3 a5 34. Qd2 Ke8 35. Qb2 Kf8 36. Kg2 a4 37. Qd2 axb3 38. axb3 Ke7 39. h4 Qd6 40. Qe3+ Be6 41. Bxe6 Qxe6 42. Qc5+ Kd7 43. Qd4+ Kc6 44. Qc3+ Kb5 45. Kf2 Qd7 1/2-1/2

[Event "12.Città di Padova Open A"]
[Site "Padova"]
[Date "2009.12.15"]
[Round "4.16"]
[White "Battagin_214, Mosè"]
[Black "Fracasso Pezzolato, Michele"]
[Result "1-0"]
[WhiteElo "1916"]
[BlackElo "1832"]
[Annotator "Gabriele Ballarin"]
[PlyCount "53"]
[EventDate "2009.12.13"]
[EventType "swiss"]
[EventRounds "9"]
[EventCountry "ITA"]

1. e4 e6 2. d3 Nc6 3. Nf3 b6 4. g3 Bb7 5. Bg2 d6 6. c3 Nge7 7. d4 f5 8. exf5 Nxf5 9. O-O Qd7 10. Nbd2 O-O-O 11. b4 Be7 12. Nc4 Bf6 13. b5 Nb8 14. a4 a5 15. bxa6 Bxa6 16. Qb3 Nc6 17. a5 b5 18. Ne3 d5 19. Re1 Nd6 20. Nd2 Rde8 21. Bh3 b4 22. Nxd5 bxc3 23. Nxf6 gxf6 24. Qxc3 Nb5 25. Qc5 Qxd4 26. Qxc6 Qxa1 27. Qxa6+ 1-0

[Event "12.Città di Padova Open A"]
[Site "Padova"]
[Date "2009.12.15"]
[Round "4.17"]
[White "Litrico, Paolo"]
[Black "Meggiorin, Orlando"]
[Result "1-0"]
[WhiteElo "1906"]
[BlackElo "1490"]
[Annotator "Gabriele Ballarin"]
[PlyCount "57"]
[EventDate "2009.12.13"]
[EventType "swiss"]
[EventRounds "9"]
[EventCountry "ITA"]

1. d4 Nf6 2. Nf3 d5 3. Bf4 Bg4 4. Nbd2 e6 5. c4 c6 6. Qb3 b6 7. Ne5 dxc4 8. Qxc4 Qd5 9. e4 Qxc4 10. Bxc4 Bb4 11. Nxg4 Nxg4 12. a3 Bxd2+ 13. Bxd2 Nf6 14. f3 O-O 15. Ke2 h6 16. Rhd1 Nbd7 17. Ba6 c5 18. d5 exd5 19. exd5 Nxd5 20. Kf2 N5f6 21. Bf4 g5 22. Bd6 Rfe8 23. Bb7 g4 24. Bxa8 Rxa8 25. Rd2 gxf3 26. gxf3 Re8 27. Re1 Rc8 28. Be7 Rc7 29. Rd6 1-0

[Event "12.Città di Padova Open A"]
[Site "Padova"]
[Date "2009.12.15"]
[Round "4.18"]
[White "Zordan, Antonio"]
[Black "Lodi, Paolo"]
[Result "1-0"]
[WhiteElo "1789"]
[BlackElo "1627"]
[Annotator "Gabriele Ballarin"]
[PlyCount "105"]
[EventDate "2009.12.13"]
[EventType "swiss"]
[EventRounds "9"]
[EventCountry "ITA"]

1. e4 e6 2. d4 d5 3. Nd2 Nf6 4. Bd3 c5 5. c3 Nc6 6. Ngf3 Qb6 7. exd5 Nxd5 8. Ne4 cxd4 9. cxd4 Bd7 10. Be2 h6 11. O-O Rc8 12. a3 Be7 13. b4 Rd8 14. Bb2 Qc7 15. Rc1 Qb8 16. Rc2 Ncxb4 17. axb4 Ba4 18. Nc5 Bxc2 19. Qxc2 Nxb4 20. Qa4+ Nc6 21. Ne5 O-O 22. Ned7 Qf4 23. Nxf8 Bxf8 24. Nxe6 fxe6 25. Qc4 Bd6 26. Qxe6+ Kh8 27. g3 Qd2 28. Bc1 Qxd4 29. Rd1 Qf6 30. Qxf6 gxf6 31. Bxh6 Kh7 32. Be3 Bb8 33. Rb1 b6 34. Rb5 Kg7 35. Rb2 Nd4 36. Bg4 Nc6 37. h4 Ne5 38. Be2 Nc6 39. Kg2 Kg6 40. h5+ Kg7 41. Kh3 Ne5 42. Kh4 Nf7 43. Rb4 Nh6 44. g4 Rd6 45. Re4 Rd7 46. Bb5 Rb7 47. Bd4 Rf7 48. Be8 Rc7 49. Re6 Nxg4 50. Kxg4 Rc4 51. h6+ Kh7 52. Kh5 Rxd4 53. Bg6+ 1-0

[Event "12.Città di Padova Open A"]
[Site "Padova"]
[Date "2009.12.16"]
[Round "5.1"]
[White "Zaja, Ivan"]
[Black "Fercec, Nenad"]
[Result "1/2-1/2"]
[WhiteElo "2463"]
[BlackElo "2483"]
[Annotator "Gabriele Ballarin"]
[PlyCount "26"]
[EventDate "2009.12.13"]
[EventType "swiss"]
[EventRounds "9"]
[EventCountry "ITA"]

1. d4 d5 2. c4 c6 3. Nf3 Nf6 4. Nc3 dxc4 5. a4 Bf5 6. Nh4 Bc8 7. Nf3 Bf5 8. e3 e6 9. Bxc4 Bb4 10. O-O Nbd7 11. Qe2 Bg6 12. Rd1 O-O 13. Ba2 a5 1/2-1/2

[Event "12.Città di Padova Open A"]
[Site "Padova"]
[Date "2009.12.16"]
[Round "5.2"]
[White "Grover, Sahaj"]
[Black "Salvador, Roland"]
[Result "1-0"]
[WhiteElo "2372"]
[BlackElo "2491"]
[Annotator "Gabriele Ballarin"]
[PlyCount "83"]
[EventDate "2009.12.13"]
[EventType "swiss"]
[EventRounds "9"]
[EventCountry "ITA"]

1. e4 c5 2. Nf3 Nc6 3. Nc3 Nf6 4. Bb5 Qc7 5. Qe2 e6 6. e5 Nd5 7. Nxd5 exd5 8. c3 Be7 9. O-O O-O 10. d4 c4 11. Ba4 d6 12. h3 Bf5 13. Re1 Bd3 14. Qd1 f6 15. exf6 Rxf6 16. Bc2 Bxc2 17. Qxc2 h6 18. b3 Raf8 19. bxc4 dxc4 20. Qe4 Qa5 21. d5 Ne5 22. Nxe5 dxe5 23. Qxc4 b5 24. Qb3 Bc5 25. Be3 Qb6 26. Re2 e4 27. Rb1 Bxe3 28. fxe3 Qd6 29. Qxb5 Qg3 30. Qc4 Rf2 31. d6+ Kh8 32. Rxf2 Qxf2+ 33. Kh1 Qxe3 34. Rd1 Rf3 35. Qd4 Rxh3+ 36. gxh3 Qxh3+ 37. Kg1 Qg3+ 38. Kf1 Qf3+ 39. Ke1 e3 40. Qh4 e2 41. Rc1 Qe3 42. Rc2 1-0

[Event "12.Città di Padova Open A"]
[Site "Padova"]
[Date "2009.12.16"]
[Round "5.3"]
[White "Sanchez, Joseph"]
[Black "Naumkin, Igor"]
[Result "0-1"]
[WhiteElo "2487"]
[BlackElo "2463"]
[Annotator "Gabriele Ballarin"]
[PlyCount "74"]
[EventDate "2009.12.13"]
[EventType "swiss"]
[EventRounds "9"]
[EventCountry "ITA"]

1. e4 e5 2. Nf3 Nc6 3. d4 exd4 4. Nxd4 Bc5 5. Be3 Qf6 6. c3 Nge7 7. Bc4 Ne5 8. Be2 Qg6 9. O-O d6 10. f4 Qxe4 11. Bf2 Bxd4 12. cxd4 N5g6 13. g3 Bh3 14. Bf3 Qf5 15. Re1 d5 16. Qb3 O-O 17. Nc3 c6 18. Qxb7 Rfb8 19. Qc7 Qf6 20. b3 Nf5 21. Rad1 a5 22. Na4 Rc8 23. Qb6 Nf8 24. Qc5 Nd7 25. Qc1 Qg6 26. Rd2 h5 27. Kh1 Bg4 28. Bg2 h4 29. gxh4 Qh6 30. Rc2 Nxh4 31. Bxh4 Qxh4 32. Rg1 Re8 33. Rxc6 Nf6 34. Rc2 Bf5 35. Rb2 Ng4 36. Bxd5 Rad8 37. Bc6 Rc8 0-1

[Event "12.Città di Padova Open A"]
[Site "Padova"]
[Date "2009.12.16"]
[Round "5.4"]
[White "Lazic, Miroljub"]
[Black "Genocchio, Daniele"]
[Result "1-0"]
[WhiteElo "2454"]
[BlackElo "2464"]
[Annotator "Gabriele Ballarin"]
[PlyCount "85"]
[EventDate "2009.12.13"]
[EventType "swiss"]
[EventRounds "9"]
[EventCountry "ITA"]

1. g3 d5 2. Nf3 c5 3. Bg2 Nf6 4. O-O Nc6 5. d3 e6 6. Nbd2 b6 7. e4 Bb7 8. Re1 Be7 9. Qe2 Qc7 10. Nf1 d4 11. e5 Nd7 12. h4 h6 13. N1h2 O-O-O 14. Bd2 Nf8 15. c3 Kb8 16. cxd4 Nxd4 17. Nxd4 Bxg2 18. Kxg2 Rxd4 19. Bc3 Qb7+ 20. Kg1 Rd7 21. Rad1 Nh7 22. d4 cxd4 23. Rxd4 Rxd4 24. Bxd4 Rd8 25. Bc3 Nf8 26. Rd1 Rxd1+ 27. Qxd1 Qe4 28. Nf1 Kc8 29. Nd2 Qc6 30. Qg4 b5 31. Qxg7 b4 32. Bxb4 Qd5 33. Qxf7 Qd4 34. Qxe7 Nd7 35. Nf3 Qd5 36. Kg2 a5 37. Bc3 Nxe5 38. Qf8+ Kb7 39. Qg7+ Nd7 40. Qxh6 Nc5 41. Qg5 Qc6 42. h5 Nd3 43. Qe3 1-0

[Event "12.Città di Padova Open A"]
[Site "Padova"]
[Date "2009.12.16"]
[Round "5.5"]
[White "Laketic, Gojko"]
[Black "Bentivegna, Francesco"]
[Result "1-0"]
[WhiteElo "2468"]
[BlackElo "2303"]
[Annotator "Gabriele Ballarin"]
[PlyCount "39"]
[EventDate "2009.12.13"]
[EventType "swiss"]
[EventRounds "9"]
[EventCountry "ITA"]

1. e4 e5 2. Nf3 Nc6 3. Bb5 f5 4. d3 fxe4 5. dxe4 Nf6 6. O-O Bc5 7. Nc3 d6 8. Bd3 Bb6 9. Nd5 O-O 10. Ng5 Kh8 11. Bc4 Bg4 12. Qd3 Qd7 13. h3 Bh5 14. Ne6 Rfc8 15. Bg5 Nxd5 16. exd5 Nd4 17. Qd2 Bf7 18. Nxd4 Bxd4 19. c3 Bb6 20. Kh1 1-0

[Event "12.Città di Padova Open A"]
[Site "Padova"]
[Date "2009.12.16"]
[Round "5.6"]
[White "Dvirnyy, Danyyil"]
[Black "Boscolo, Federico Meneguolo"]
[Result "1-0"]
[WhiteElo "2461"]
[BlackElo "1990"]
[Annotator "Gabriele Ballarin"]
[PlyCount "151"]
[EventDate "2009.12.13"]
[EventType "swiss"]
[EventRounds "9"]
[EventCountry "ITA"]

1. e4 c5 2. Nf3 d6 3. Bc4 Nf6 4. Nc3 Nc6 5. d4 cxd4 6. Nxd4 Bd7 7. Bb3 g6 8. f3 Bg7 9. Be3 O-O 10. Qd2 Nxd4 11. Bxd4 b5 12. Nd5 Nxd5 13. exd5 Bxd4 14. Qxd4 Qc7 15. O-O-O a5 16. a3 Rfc8 17. Rd2 Qc5 18. Re1 Qxd4 19. Rxd4 Kf8 20. Kd2 Ra7 21. Rh4 h5 22. Rd4 Rb8 23. c3 Rab7 24. g3 b4 25. axb4 axb4 26. Rxb4 Rxb4 27. cxb4 Rxb4 28. Kc3 Rb7 29. Bc4 Bb5 30. Bxb5 Rxb5 31. Rd1 Rc5+ 32. Kb3 Ke8 33. Rd2 Kd7 34. Ka4 g5 35. b4 Rc3 36. Kb5 Rxf3 37. Ra2 Rc3 38. Kb6 e5 39. Ra7+ Kc8 40. Rxf7 e4 41. Re7 e3 42. b5 Kd8 43. Re6 Kd7 44. Ka6 Ra3+ 45. Kb7 Rb3 46. b6 Ra3 47. Re4 Rb3 48. Ka6 Ra3+ 49. Kb7 Rb3 50. h3 Ra3 51. Re6 Rb3 52. Ka6 Ra3+ 53. Kb5 Rb3+ 54. Ka5 Ra3+ 55. Kb4 Ra6 56. Kb5 Ra3 57. Kc4 e2 58. h4 gxh4 59. gxh4 Ra6 60. Rxe2 Rxb6 61. Rg2 Rb1 62. Rg7+ Kd8 63. Rg5 Kc7 64. Rxh5 Kb6 65. Rg5 Rc1+ 66. Kd4 Rd1+ 67. Ke4 Kc5 68. h5 Rd4+ 69. Kf5 Kxd5 70. h6 Rh4 71. Kg6+ Ke4 72. Rh5 Rf4 73. Kg7 Rg4+ 74. Kf7 Rf4+ 75. Ke7 Rg4 76. h7 1-0

[Event "12.Città di Padova Open A"]
[Site "Padova"]
[Date "2009.12.16"]
[Round "5.7"]
[White "Efimov, Igor"]
[Black "Kizov, Atanas"]
[Result "1-0"]
[WhiteElo "2435"]
[BlackElo "2415"]
[Annotator "Gabriele Ballarin"]
[PlyCount "105"]
[EventDate "2009.12.13"]
[EventType "swiss"]
[EventRounds "9"]
[EventCountry "ITA"]

1. d4 d5 2. Nf3 c5 3. dxc5 e6 4. e4 Bxc5 5. exd5 exd5 6. Bb5+ Nc6 7. O-O Nge7 8. h3 O-O 9. a3 h6 10. b4 Bb6 11. Bd3 Nf5 12. Bb2 Nd6 13. Re1 Ne4 14. Re2 Bf5 15. Nbd2 Re8 16. Nf1 a6 17. c4 dxc4 18. Bxc4 Qc7 19. Qb3 Ng5 20. Rae1 Rxe2 21. Rxe2 Nxf3+ 22. Qxf3 Bg6 23. Qg4 Kh7 24. Bd3 Rd8 25. Bxg6+ fxg6 26. Rd2 Rxd2 27. Nxd2 Qf7 28. Qf3 Qxf3 29. Nxf3 Kg8 30. Kf1 Kf7 31. Ke2 g5 32. Nd2 Bc7 33. Kd3 b5 34. Ke4 Ne7 35. Nb3 g6 36. f3 Bb6 37. Bd4 Bc7 38. g4 Bd6 39. Be5 Nc8 40. Bxd6 Nxd6+ 41. Kd5 Nc4 42. Nc5 Nxa3 43. Nxa6 Kf6 44. Nc5 Ke7 45. Nd3 Kf6 46. Nf2 Nc2 47. Ne4+ Ke7 48. Kc5 Ke6 49. Nc3 Ke5 50. Nxb5 Kf4 51. Nd4 Nxb4 52. Kxb4 Kg3 53. Nf5+ 1-0

[Event "12.Città di Padova Open A"]
[Site "Padova"]
[Date "2009.12.16"]
[Round "5.8"]
[White "Dragojlovic, Andjelko"]
[Black "Magrini, Fabrizio"]
[Result "1/2-1/2"]
[WhiteElo "2394"]
[BlackElo "2146"]
[Annotator "Gabriele Ballarin"]
[PlyCount "114"]
[EventDate "2009.12.13"]
[EventType "swiss"]
[EventRounds "9"]
[EventCountry "ITA"]

1. Nf3 Nf6 2. g3 d5 3. Bg2 g6 4. O-O Bg7 5. d4 O-O 6. c4 dxc4 7. Na3 c5 8. dxc5 c3 9. Qb3 Ne4 10. Be3 cxb2 11. Rad1 Qa5 12. Bd4 Bxd4 13. Rxd4 Nxc5 14. Qxb2 Nc6 15. Rh4 Nd7 16. Nc4 Qc7 17. Qc1 f6 18. Ne3 Qa5 19. Rd1 Nb6 20. Nc4 Qc5 21. Qh6 Rf7 22. Nd4 Qg5 23. Nxb6 Qxh6 24. Rxh6 axb6 25. Nxc6 bxc6 26. Bxc6 Ra5 27. Rh4 Be6 28. a4 Rc5 29. Bb5 Rf8 30. Rhd4 Kf7 31. Rb4 Rfc8 32. Kg2 Bd5+ 33. e4 Bc6 34. Bc4+ Kg7 35. Be6 Ra8 36. Bd5 Rxa4 37. Rxb6 Bxd5 38. exd5 Ra7 39. d6 exd6 40. Rdxd6 Rf7 41. Rb8 Rcc7 42. Rdd8 Rb7 43. Rg8+ Kh6 44. Rbe8 Rbe7 45. Rxe7 Rxe7 46. h4 Re5 47. f4 Ra5 48. Kf3 f5 49. Kg2 Ra2+ 50. Kh3 Ra5 51. Rd8 Ra7 52. Rd5 Rb7 53. Rc5 Ra7 54. h5 Ra3 55. Rc7 Ra1 56. Rf7 Rh1+ 57. Kg2 Ra1 1/2-1/2

[Event "12.Città di Padova Open A"]
[Site "Padova"]
[Date "2009.12.16"]
[Round "5.9"]
[White "Quinn, Mark"]
[Black "Rettore, Ludwig"]
[Result "1-0"]
[WhiteElo "2393"]
[BlackElo "2197"]
[Annotator "Gabriele Ballarin"]
[PlyCount "59"]
[EventDate "2009.12.13"]
[EventType "swiss"]
[EventRounds "9"]
[EventCountry "ITA"]

1. c4 c6 2. d4 d5 3. Nf3 e6 4. Qc2 dxc4 5. Qxc4 Nf6 6. g3 b5 7. Qc2 Bb7 8. Bg2 Qc7 9. Bf4 Qa5+ 10. Bd2 Qc7 11. a4 b4 12. O-O c5 13. Bxb4 Na6 14. Ba3 Rc8 15. Nbd2 cxd4 16. Qxc7 Rxc7 17. Bxf8 Rxf8 18. Rfc1 Ke7 19. Rxc7+ Nxc7 20. Nxd4 Rd8 21. N2b3 Ne4 22. Rc1 Na6 23. e3 Bd5 24. Nc6+ Bxc6 25. Rxc6 Rd1+ 26. Bf1 Nb4 27. Rc4 Ng5 28. Rxb4 Nf3+ 29. Kg2 Ne1+ 30. Kh3 1-0

[Event "12.Città di Padova Open A"]
[Site "Padova"]
[Date "2009.12.16"]
[Round "5.10"]
[White "Dervishi, Erald"]
[Black "Battagin_214, Mosè"]
[Result "1-0"]
[WhiteElo "2564"]
[BlackElo "1916"]
[Annotator "Gabriele Ballarin"]
[PlyCount "73"]
[EventDate "2009.12.13"]
[EventType "swiss"]
[EventRounds "9"]
[EventCountry "ITA"]

1. e4 d6 2. d4 Nf6 3. Nc3 g6 4. Nf3 Bg7 5. Be2 O-O 6. O-O Bg4 7. Be3 Nc6 8. d5 Bxf3 9. Bxf3 Ne5 10. Be2 c6 11. f4 Ned7 12. dxc6 bxc6 13. Bf3 Qc7 14. Qd2 Nb6 15. b3 Nfd7 16. Rad1 Rac8 17. a4 Nb8 18. Kh1 N6d7 19. Na2 a5 20. Bf2 Na6 21. Be1 Nac5 22. Qxa5 Qxa5 23. Bxa5 Ne6 24. e5 d5 25. g3 Ndc5 26. Bb6 Nd7 27. Be3 Nec5 28. a5 e6 29. b4 Na6 30. c4 f6 31. b5 cxb5 32. cxd5 Ndc5 33. dxe6 fxe5 34. Bg4 Rc6 35. e7 Re8 36. Rd8 Kf7 37. fxe5+ 1-0